Pius XII.: der Papst, der geschwiegen hat
| Autore principale: | |
|---|---|
| Altri autori: | |
| Tipo di documento: | Stampa Libro |
| Lingua: | Tedesco |
| Servizio "Subito": | Ordinare ora. |
| Verificare la disponibilità: | HBZ Gateway |
| WorldCat: | WorldCat |
| Interlibrary Loan: | Interlibrary Loan for the Fachinformationsdienste (Specialized Information Services in Germany) |
| Pubblicazione: |
München
Beck
1999
|
| In: | Anno: 1999 |
| Recensioni: | [Rezension von: Cornwell, John, 1940-, Pius XII.] (2001) (Wolf, Hubert, 1959 -)
|
| (sequenze di) soggetti normati: | B
Pius, XII., Papa 1876-1958
B Politica ecclesiastica / Storia 1939-1945 B Storia 1939-1945 |
| Altre parole chiave: | B
Pius <Papst, XII.>
B Politica ecclesiastica B Ebrei B Pius, Hitler B Storia 1939-1945 B Pius XII Papa (1876-1958) B Nazionalsocialismo <motivo> B Biografia |
| Accesso online: |
Indice Indice Recensione |
MARC
| LEADER | 00000cam a2200000 c 4500 | ||
|---|---|---|---|
| 001 | 302551964 | ||
| 003 | DE-627 | ||
| 005 | 20260413094217.0 | ||
| 007 | tu | ||
| 008 | 990913s1999 gw ||||| 00| ||ger c | ||
| 015 | |a 99,N39,0093 |2 dnb | ||
| 015 | |a 00,A08,0216 |2 dnb | ||
| 016 | 7 | |a 957336306 |2 DE-101 | |
| 020 | |a 3406454720 |q : DM 58.00 (Gb.) |9 3-406-45472-0 | ||
| 035 | |a (DE-627)302551964 | ||
| 035 | |a (DE-603)082413339 | ||
| 035 | |a (DE-576)078455405 | ||
| 035 | |a (DE-599)GBV302551964 | ||
| 035 | |a (OCoLC)237353968 | ||
| 035 | |a (OCoLC)50757178 | ||
| 035 | |a (AT-OBV)AC02639945 | ||
| 035 | |a (DE-604)8127603131 | ||
| 035 | |a (DE-H357)his21105 | ||
| 040 | |a DE-627 |b ger |c DE-627 |e rakwb | ||
| 041 | |a ger | ||
| 044 | |c XA-DE |c XA-VA | ||
| 082 | 0 | |a 282.092 | |
| 084 | |a Kem 1 |2 asb | ||
| 084 | |a Papst, XII.> |2 kab | ||
| 084 | |a 12 |2 sdnb | ||
| 084 | |a 12 |a 63 |2 sdnb | ||
| 084 | |a 1 |2 ssgn | ||
| 084 | |a NQ 2320 |2 rvk |0 (DE-625)rvk/128250: | ||
| 084 | |a NV 2700 |2 rvk |0 (DE-625)rvk/131838: | ||
| 084 | |a BO 5965 |2 rvk |0 (DE-625)rvk/14663: | ||
| 084 | |a BO 6410 |2 rvk |0 (DE-625)rvk/14739: | ||
| 084 | |a BO 6150 |2 rvk |0 (DE-625)rvk/14704: | ||
| 084 | |a 11.54 |2 bkl | ||
| 084 | |a 15.24 |2 bkl | ||
| 090 | |a a | ||
| 100 | 1 | |0 (DE-588)131365282 |0 (DE-627)508486610 |0 (DE-576)160624894 |4 aut |a Cornwell, John |d 1940- | |
| 109 | |a Cornwell, John 1940- |a Kōnweru, Jon 1940- | ||
| 240 | 1 | 0 | |a Hitler's pope <dt.> |
| 245 | 1 | 0 | |a Pius XII. |b der Papst, der geschwiegen hat |c John Cornwell. Aus dem Engl. übers. von Klaus Kochmann |
| 264 | 1 | |a München |b Beck |c 1999 | |
| 300 | |a 483 S |b Ill |c 23 cm | ||
| 336 | |a Text |b txt |2 rdacontent | ||
| 337 | |a ohne Hilfsmittel zu benutzen |b n |2 rdamedia | ||
| 338 | |a Band |b nc |2 rdacarrier | ||
| 500 | |a Literaturverzeichnis Seite 471 - [475] | ||
| 505 | 8 | |a Literaturverz. S. 471 - [475] | |
| 583 | 1 | |a Archivierung/Langzeitarchivierung gewährleistet |f SSG |x XA-DE-BW |2 pdager |5 DE-21 | |
| 600 | 0 | 7 | |0 (DE-588)118594753 |0 (DE-627)139152261 |0 (DE-576)209068442 |a Pius |b XII. |c Papst |d 1876-1958 |2 gnd |
| 600 | 1 | 4 | |a Pius <Papst, XII.> |
| 648 | 7 | |a Geschichte 1939-1945 |2 gnd | |
| 648 | 4 | |a Geschichte 1939-1945 | |
| 650 | 0 | 7 | |0 (DE-588)4030745-1 |0 (DE-627)10452300X |0 (DE-576)208988858 |a Kirchenpolitik |2 gnd |
| 650 | 4 | |a Juden |7 (dpeaa)DE-2491 | |
| 650 | 4 | |a Nationalsozialismus |7 (dpeaa)DE-2491 | |
| 650 | 4 | |a Pius, Hitler | |
| 655 | 7 | |a Biografie |0 (DE-588)4006804-3 |0 (DE-627)104213493 |0 (DE-576)208867147 |2 gnd-content | |
| 689 | 0 | 0 | |d p |0 (DE-588)118594753 |0 (DE-627)139152261 |0 (DE-576)209068442 |2 gnd |a Pius |b XII. |c Papst |d 1876-1958 |
| 689 | 0 | |5 DE-101 | |
| 689 | 1 | 0 | |d s |0 (DE-588)4030745-1 |0 (DE-627)10452300X |0 (DE-576)208988858 |2 gnd |a Kirchenpolitik |
| 689 | 1 | 1 | |q z |2 gnd |a Geschichte 1939-1945 |
| 689 | 1 | |5 DE-101 | |
| 689 | 2 | 0 | |q z |2 gnd |a Geschichte 1939-1945 |
| 689 | 2 | |5 (DE-627) | |
| 700 | 1 | |8 1\p |0 (DE-588)1146345712 |0 (DE-627)1007870362 |0 (DE-576)184595622 |4 oth |a Kochmann, Klaus |d 1943-2007 | |
| 700 | 1 | 2 | |a Cornwell, John |d 1940- |t Hitler's pope <dt.> |
| 787 | 0 | 8 | |i Rezensiert in |a Wolf, Hubert, 1959 - |t [Rezension von: Cornwell, John, 1940-, Pius XII.] |d 2001 |w (DE-627)1870856422 |
| 856 | 4 | 2 | |u http://www.gbv.de/dms/bs/toc/302551964.pdf |m V:DE-601 |m B:DE-84 |q pdf/application |x Verlag |y Inhaltsverzeichnis |3 Inhaltsverzeichnis |7 1 |
| 856 | 4 | 2 | |u https://www.hsozkult.de/publicationreview/id/rezbuecher-174 |m V:DE-576;X:HSozKult |q text/html |v 20180413111943 |3 Rezension |7 1 |
| 856 | 4 | 2 | |u http://scans.hebis.de/HEBCGI/show.pl?08241333_toc.pdf |m V:DE-603;B:DE-17 |q application/pdf |3 Inhaltsverzeichnis |7 1 |
| 883 | |8 1\p |a cgwrk |d 20241001 |q DE-101 |u https://d-nb.info/provenance/plan#cgwrk | ||
| 935 | |a mteo | ||
| 935 | |i sf | ||
| 935 | |i Blocktest | ||
| 936 | r | v | |a NQ 2320 |b Katholische Kirche und NS |k Geschichte |k Geschichte seit 1918 |k Drittes Reich |k Innere Geschichte |k NS-Staat und Kirchen |k Katholische Kirche und NS |0 (DE-627)1271470829 |0 (DE-625)rvk/128250: |0 (DE-576)201470829 |
| 936 | r | v | |a NV 2700 |b Pius XII. 1939-1958 |k Geschichte |k Religions- und Kirchengeschichte |k Geschichte der katholischen Kirche |k Geschichte des Papsttums |k Einzelne Päpste |k Pius XII. 1939-1958 |0 (DE-627)1271585987 |0 (DE-625)rvk/131838: |0 (DE-576)201585987 |
| 936 | r | v | |a BO 5965 |b Päpste |k Theologie und Religionswissenschaften |k Patrologie und Kirchengeschichte |k Kirchengeschichte nach Perioden |k Von der Französischen Revolution bis Pius XII. (1789-1958) |k Darstellungen |k Papsttum |k Päpste |0 (DE-627)1270748815 |0 (DE-625)rvk/14663: |0 (DE-576)200748815 |
| 936 | r | v | |a BO 6410 |b Papsttum und Kurie |k Theologie und Religionswissenschaften |k Patrologie und Kirchengeschichte |k Kirchengeschichte nach Perioden |k Von der Französischen Revolution bis Pius XII. (1789-1958) |k Darstellungen |k Kirchliche Verfassungsgeschichte |k Papsttum und Kurie |0 (DE-627)127075145X |0 (DE-625)rvk/14739: |0 (DE-576)20075145X |
| 936 | r | v | |a BO 6150 |b Nationalsozialismus |k Theologie und Religionswissenschaften |k Patrologie und Kirchengeschichte |k Kirchengeschichte nach Perioden |k Von der Französischen Revolution bis Pius XII. (1789-1958) |k Darstellungen |k Vom 1. Weltkrieg bis zum Tod Pius XII. |k Nach Einzelthemen |k Nationalsozialismus |0 (DE-627)127066431X |0 (DE-625)rvk/14704: |0 (DE-576)20066431X |
| 936 | b | k | |a 11.54 |j Katholizismus |0 (DE-627)106402668 |
| 936 | b | k | |a 15.24 |j Zweiter Weltkrieg |0 (DE-627)181571013 |
| 936 | s | n | |a b100 |2 mzub |
| 936 | s | n | |a n100 |2 mzub |
| 951 | |a BO | ||
| ELC | |b 1 | ||
| ITA | |a 1 |t 1 | ||
| LOK | |0 000 xxxxxcx a22 zn 4500 | ||
| LOK | |0 001 3102640354 | ||
| LOK | |0 003 DE-627 | ||
| LOK | |0 004 302551964 | ||
| LOK | |0 005 20020416000000 | ||
| LOK | |0 008 000215||||||||||||||||ger||||||| | ||
| LOK | |0 040 |a DE-21 |c DE-627 |d DE-21 | ||
| LOK | |0 852 |a DE-21 | ||
| LOK | |0 852 1 |c 39 A 15505 |9 00 | ||
| LOK | |0 935 |a theo | ||
| LOK | |0 936ln |a t3.4 | ||
| LOK | |0 939 |a 2000-02-15 |b l01 | ||
| LOK | |0 000 xxxxxcx a22 zn 4500 | ||
| LOK | |0 001 3102640540 | ||
| LOK | |0 003 DE-627 | ||
| LOK | |0 004 302551964 | ||
| LOK | |0 005 20240802105107 | ||
| LOK | |0 008 050824||||||||||||||||ger||||||| | ||
| LOK | |0 040 |a DE-21-106 |c DE-627 |d DE-21-106 | ||
| LOK | |0 541 |e 478/99 | ||
| LOK | |0 852 |a DE-21-106 | ||
| LOK | |0 852 1 |c C VII PIU |m p |9 00 | ||
| LOK | |0 935 |a k106 | ||
| LOK | |0 938 |k p | ||
| LOK | |0 939 |a 2005-08-24 |b l01 | ||
| LOK | |0 000 xxxxxcx a22 zn 4500 | ||
| LOK | |0 001 3102640575 | ||
| LOK | |0 003 DE-627 | ||
| LOK | |0 004 302551964 | ||
| LOK | |0 005 20100408181011 | ||
| LOK | |0 008 011026||||||||||||||||ger||||||| | ||
| LOK | |0 040 |a DE-21-35 |c DE-627 |d DE-21-35 | ||
| LOK | |0 541 |e 01/2042 | ||
| LOK | |0 852 |a DE-21-35 | ||
| LOK | |0 852 1 |c Ke 25.02A |m p |9 00 | ||
| LOK | |0 938 |k p | ||
| LOK | |0 938 |l K6 |8 0 | ||
| LOK | |0 939 |a 2001-10-26 |b l01 | ||
| ORI | |a TA-MARC-ixtheoa001.raw | ||
| REF | |a Papstgeschichte | ||
| STA | 0 | 0 | |a Church politics (motif),Church policy,Confessional policy,Religious policy,Jews,Jews,Jew,Jews in literature,National Socialism,National Socialism,Nationalsozialismus,National socialism in literature |
| STB | 0 | 0 | |a Juifs,Juifs,National-socialisme,National-socialisme,Nazisme,Nazisme,Nazisme (motif),Nazisme,Politique ecclésiale (motif),Politique religieuse,Politique religieuse,Politique ecclésiale |
| STC | 0 | 0 | |a Judíos,Judíos,Judíos,Nacionalsocialismo,Nacionalsocialismo,Política eclesiástica |
| STD | 0 | 0 | |a Ebrei,Ebrei,Nazionalsocialismo <motivo>,Nazionalsocialismo,Nazismo,Nazismo,Nazismo (motivo),Nazismo,Politica ecclesiastica |
| STE | 0 | 0 | |a 教会政策,犹太人,犹太人,纳粹主义,纳粹主义,国家社会主义,国家民族社会主义,国家社会主义,国家民族社会主义 |
| STF | 0 | 0 | |a 教會政策,猶太人,猶太人,納粹主義,納粹主義,國家社會主義,國家民族社會主義,國家社會主義,國家民族社會主義 |
| STG | 0 | 0 | |a Judeus,Judeus,Nacional-socialismo,Nacional-socialismo,Política eclesiástica |
| STH | 0 | 0 | |a Евреи (мотив),Евреи,Национальный социализм (мотив),Национальный социализм,Церковная политика |
| STI | 0 | 0 | |a Εβραίοι (μοτίβο),Εβραίοι,Εθνικοσοσιαλισμός <μοτίβο>,Εθνικοσοσιαλισμός,Ναζισμός,Ναζισμός (μοτίβο),Πολιτική της Εκκλησίας,Εκκλησιαστική πολιτική |
| SYA | 0 | 0 | |a Pacelli, Eugen,1876-1958,Pacelli, Eugenio,1876-1958,P. Pacifius,1876-1958,Pacelli, Eugenio M.,1876-1958,Pacelli, Eugenio Maria Giuseppe Giovanni,1876-1958,Pie,XII.,Pape,1876-1958,Pius,XII.,Pope,1876-1958,Pius,XII.,Papa,1876-1958,Pius,XII,Papst,1876-1958,Pius,XII,Pape,1876-1958,Pius,XII,Pope,1876-1958,Pie,XII,Pope,1876-1958,Pio,XII,Pape,1876-1958,Pio,XII,Pope,1876-1958,Pius,XII,Papa,1876-1958,Pius,12,Papa,1876-1958,Papst Pius XII.,1876-1958,Pie,XII,Pape,1876-1958,Pio,XII,Papa,1876-1958,Pius,12,Papst,1876-1958,Pius,Papa, XII.,1876-1958,Pie,XII,Papst,1876-1958,Pio,XII,Papst,1876-1958,Pius,12,Papst,1876-1958 |
| SYE | 0 | 0 | |a Konfessionspolitik , Jews,Jüdinnen,Jude,Jüdin,Jude , Faschismus,NS,NS |
| SYG | 0 | 0 | |a Pacelli, Eugen,1876-1958,Pacelli, Eugenio,1876-1958,P. Pacifius,1876-1958,Pacelli, Eugenio M.,1876-1958,Pacelli, Eugenio Maria Giuseppe Giovanni,1876-1958,Pie,XII.,Pape,1876-1958,Pius,XII.,Pope,1876-1958,Pius,XII.,Papa,1876-1958,Pius,XII,Papst,1876-1958,Pius,XII,Pape,1876-1958,Pius,XII,Pope,1876-1958,Pie,XII,Pope,1876-1958,Pio,XII,Pape,1876-1958,Pio,XII,Pope,1876-1958,Pius,XII,Papa,1876-1958,Pius,12,Papa,1876-1958,Papst Pius XII.,1876-1958,Pie,XII,Pape,1876-1958,Pio,XII,Papa,1876-1958,Pius,12,Papst,1876-1958,Pius,Papa, XII.,1876-1958,Pie,XII,Papst,1876-1958,Pio,XII,Papst,1876-1958,Pius,12,Papst,1876-1958 , Konfessionspolitik |
| TIM | |a 100019390101_100019451231 |b Geschichte 1939-1945 | ||